| 000 | 00957nam a2200217Ia 4500 | ||
|---|---|---|---|
| 005 | 20240530110940.0 | ||
| 008 | 140319s2021 ua dhf f 000 0 ara d | ||
| 017 |
_a2020/19752 _bمصر. دار الكتب |
||
| 020 | _a9789776840058 | ||
| 040 |
_aGCL / _cGCL |
||
| 082 | 0 | 4 |
_221 _a726.2\ _bر م |
| 100 | 0 | _aربيع جمعة محمد مرسى | |
| 245 | 1 | 2 |
_aالمساجد العلوية بالمغرب : _bمن بداية القرن 11 هـ - 17 م حتى نهاية القرن 13 هـ - 19 م : دراسة اثرية معمارية / _cربيع جمعة محمد مرسى |
| 260 |
_aالاسكندرية : _bدار الوفاء لدنيا الطباعة و النشر، _c2021. |
||
| 300 |
_a940 ص. : _bايض ؛ _c24 سم. |
||
| 650 | 0 | 7 | _aالعمارة الاسلامية |
| 650 | 0 | 7 |
_aالمساجد _xعمارة |
| 650 | 0 | 7 |
_aالمساجد _xعمارة _zالمغرب |
| 942 |
_2ddc _cBK |
||
| 999 |
_c66807 _d66807 |
||